000 003580000a22001690004500
005 20120302062408.0
942 _cBOOK
100 _a Parmananda
245 _a Shivbhaaratsya
260 _aPune:Aanandashram,
300 _a95,13p.
040 _aSAN
650 _aSanskrut
650 _aSankeerna
650 _aShivbhaaratsya
650 _aShivbharatsya
999 _c356590
_d356587